Europa in der Stunde der Entscheidung : Politische Gefahren, wirtschaftliche Realitäten

Saved in:
Bibliographic Details
Main Author: Bössenecker, Hermann
Format: Book
Language:Undetermined
Published: München K. Desch 1974
Subjects:
Tags: Add Tag
No Tags, Be the first to tag this record!
Institutions: Trung tâm Học liệu Trường Đại học Cần Thơ
LEADER 00559nam a2200193Ia 4500
001 CTU_82082
008 210402s9999 xx 000 0 und d
082 |a 330.9 
082 |b B745 
100 |a Bössenecker, Hermann 
245 0 |a Europa in der Stunde der Entscheidung : 
245 0 |b Politische Gefahren, wirtschaftliche Realitäten 
245 0 |c Hermann Bössenecker 
260 |a München 
260 |b K. Desch 
260 |c 1974 
650 |a World politics 
904 |i Trọng Hải 
980 |a Trung tâm Học liệu Trường Đại học Cần Thơ